MDQL
is popping MORE tags! Check the
thread
!
Quizzes
Events
Quiz Creation
Community
Videos
Private Events
Remove Ads
Sign In
Join for FREE
Feedback
Dark Mode
Quiz Categories
Sports
Geography
Music
Movies
Television
Just For Fun
Miscellaneous
History
Literature
Language
Science
Gaming
Entertainment
Religion
Holiday
For Kids
Quiz Lab
Recent
Popular Today
Quiz Kudos Today
Editor Picks
Curator Picks
Quizzes by...
Day
Popularity
Type
Ratings
Length
Year
Community
Subscriptions
Recent Discussions
Orange Saloon
Badges
Playlists
Quests
Create
Leaderboards
Showdown
Live 5
Trivia Bingo
Activity
Puzzle Library
Sporcle Events
Private Events
Virtual Trivia
Globe League
Become a Host
Pub Owners
SporcleCon
Opinionation
Our Games
Videos
Blog
Mobile Apps
Partnerships
Remove Ads and Go Orange
Feedback
Sports
Athletes
MLB
NBA
NHL
NFL
Soccer
Sports Teams
WWE
NCAA
Football
Premier League
Basketball
Baseball
Hockey
Golf
Tennis
Cricket
Rugby
Auto Racing
Olympics
World Cup
Sports
Athletes
MLB
NBA
NHL
NFL
Soccer
Sports Teams
WWE
NCAA
Football
Premier League
Basketball
Baseball
Hockey
Golf
Tennis
Cricket
Rugby
Auto Racing
Olympics
World Cup
Random Quiz
Search Sporcle
×
Quiz Lab
Quiz Lab
Sports
Football
Type in answers that appear in a list
Type in answers that appear in a list
Classic
Best Score? Go Orange.
NFL Last Player with 15 Sacks Per Team Stats
Can you name the last player per NFL team to record 15 or more sacks in a single season?
By
steelnation86
5m
32 Questions
3,059 Plays
3,059 Plays
3,059 Plays
Comments
Comments
Give Quiz Kudos
Give Quiz Kudos
-
- Ratings
hide this ad
More Info
Replay
Link that replays current quiz
Next Quiz
Link to next quiz in quiz playlist
You Got
0%
They Got
Avg Score
35%
Avg Friend Score
Upgrade to see
Score Distribution
Jump to the score distribution portion of the page
Score
0/32
Timer
05:00
0
Plays Today
Team
Player
% Correct
Pittsburgh Steelers
T.J. Watt
95%
Los Angeles Chargers
Khalil Mack
87.4%
Houston Texans
J.J. Watt
86.4%
San Francisco 49ers
Nick Bosa
84.9%
Cleveland Browns
Myles Garrett
84.4%
Jacksonville Jaguars
Josh Allen
80.6%
Cincinnati Bengals
Trey Hendrickson
77.5%
New Orleans Saints
Cameron Jordan
75.8%
Kansas City Chiefs
Chris Jones
73.8%
Dallas Cowboys
DeMarcus Ware
73.2%
Minnesota Vikings
Danielle Hunter
73%
New York Giants
Jason Pierre-Paul
67.3%
New England Patriots
Matthew Judon
66.6%
Philadelphia Eagles
Haason Reddick
64.8%
Indianapolis Colts
Robert Mathis
63.9%
Denver Broncos
Von Miller
60.7%
Team
Player
% Correct
Tampa Bay Buccaneers
Shaquil Barrett
60.2%
Arizona Cardinals
Chandler Jones
55.6%
Chicago Bears
Robert Quinn
53.6%
Atlanta Falcons
Vic Beasley
53.3%
Los Angeles Rams
Aaron Donald
47.9%
Miami Dolphins
Cameron Wake
44.2%
Las Vegas Raiders
Khalil Mack
37.4%
Baltimore Ravens
Elvis Dumervil
27.7%
Carolina Panthers
Greg Hardy
27.4%
New York Jets
Mark Gastineau
24.4%
Green Bay Packers
Aaron Kampman
17.5%
Buffalo Bills
Bryce Paup
11.2%
Detroit Lions
Robert Porcher
10.8%
Washington Commanders
Dexter Manley
10.7%
Tennessee Titans*
William Fuller
2.9%
Seattle Seahawks
Michael Sinclair
2.6%
Quiz Playlist
Details
Report
Send in Message
Add To Playlist
More Info:
*Occurred with the Houston Oilers.
Classic:
Type in answers that appear in a list
Quiz Source
Last Updated: Jan 9, 2024
Quiz Scoreboard
CHALLENGE
Sign Up to Join the Scoreboard
Show All
Scores
Hide
Comments
May contain spoilers
Recently Published
Find the 'City' Movie
by crazypaving
Movies
60s
5x2 Blitz: Bands
by SL_Kpop136
Music
30s
Colored Red Africa Blitz
by spor1
Geography
30s
More to Explore
Quiz From the Vault
Featured Blog Post
14 Easter Pick-up Lines to Find Eggs With
hide this ad
You Might Also Like...
Tags
Football Quiz
NFL Quiz
Per Team
sack
Sack Leaders
Today's Top Quizzes in Sports
Browse Sports
hide this ad
Today's Top Quizzes in Football
Browse Football
Top Contributed Quizzes in Sports
1
Les entraîneurs de l'OM et du PSG au 21e siècle
2
Les meilleurs buteurs des matchs entre le PSG et l’OM
3
Les joueurs passés par le PSG et l'OM
4
Players with Multiple 50 Home Run Seasons
5
2022 World Cup Stars
6
Criteria MLB: Left Handed Sluggers
7
NBA Logic Puzzle 2.0
8
MLB Players with Two .350 Batting Average Seasons
9
Top 10 NHL Goal Scorers of All Time
10
Les joueurs passés par le LOSC et le RC Lens
Explore More
Trending Topics
Marvel
Disney
Harry Potter
Kpop
Anime
NBA
Crossword
Pokémon
The Office
Song
Soccer
Puzzle
Country
NFL
WWE
hide this ad
More By:
steelnation86
Quiz
Plays
Rating
Category
Featured
Created
Twice-Elected Presidents Minefield
313,811
4.24
History
Apr 6, 2012
NFL Super Bowl Winner or Not?
105,613
4.40
Sports
Dec 10, 2011
MLB All-Time Starting Nines By HR
104,045
4.58
Sports
Jul 25, 2012
NFL Top 100 Receivers (2011)
71,585
4.46
Sports
Jan 1, 2012
Most NFL Games with a Pass & Rush TD
64,729
4.58
Sports
Dec 15, 2013
Go to Creator's Profile
Score Distribution
Quiz Creator Spotlight
steelnation86
Follow
Send a Message
Quizzes Created
-
Created Quiz Play Count
-
More By This Creator
Popular Quizzes Today
1
Colored Red Africa Blitz
2
Find the 'City' Movie
3
Find the US States - No Outlines Minefield
4
5x2 Blitz: Bands
5
The Countries of the World
6
Find the US States
7
Find the Countries of Europe - No Outlines Minefield
8
US States
More Sports Quizzes
NBA Champions not in the Hall of Fame
Quiz Lab
Trending Quizzes
Colored Red Europe Blitz I
Colored Red Africa Blitz II
Colored Red Europe Blitz II
Colored Red Europe Blitz III
Colored Red Africa Blitz III
Recently Updated
How Do You Spell That?
pecheneg
Godzilla Movies
pecheneg
Grab Bag: 4-10 Letters
pecheneg
2024 March Madness Bracket
pecheneg
Famous TV Couples
Peacemaker
Champions League XIs: Real Madrid
pecheneg
Largest US Cities 1790-2010
pecheneg
Rides in Walt Disney World
pecheneg
Most Oscar Losses (Acting)
pecheneg
Beyoncé Albums
pecheneg
Trending Topics
Harry Potter
Disney
Crossword
Kpop
Marvel
NBA
Anime
Country
NFL
Soccer
The Office
WWE
Puzzle
Pokémon
Song
Your Account Isn't Verified!
In order to create a playlist on Sporcle, you need to verify the email address you used during registration. Go to your
Sporcle Settings
to finish the process.
Report this User
Report this user for behavior that violates our
Community Guidelines
.
Details:
Send Report
Go to the Sporcle.com Mobile Site →
Comments